| 000 | 00408nam a2200157Ia 4500 | ||
|---|---|---|---|
| 008 | 151213s9999 xx 000 0 und d | ||
| 020 | _a0-455-21673-8 | ||
| 100 | _aM. Rafiqul Islam | ||
| 245 |
_aInternational Trade Law _cM. Rafiqul Islam |
||
| 260 |
_aU S A _bLBC. Informaation Services - 1999 _c1995 |
||
| 300 | _a5968 p. | ||
| 650 | _aLaw | ||
| 650 | _aLaw | ||
| 700 | _aM. Rafiqul Islam | ||
| 999 |
_c3436 _d3436 |
||